00515nam a22001457a 4500008004100000040005500041080002800096245012400124260003900248300001600287500000600303650001300309653001600322700003100338230515b |||||||| |||| 00| 0 eng d aNational Science LibrarycNational Science Library a551.435.62(082.2)bM8.2 aLandslides:bGlissements de terrain c/ Proceedings of the fifth international symposium on landslides 10-15 July, 1988 aBrookfield: bA.A. Balkema, c1990 axix, 809p.  a  aGeology  aParameters 10aBonnard, Christophe (Ed.)